| 000 | 00512nam a22001937a 4500 | ||
|---|---|---|---|
| 999 |
_c7652 _d7652 |
||
| 003 | OSt | ||
| 005 | 20220124143608.0 | ||
| 008 | 220124b ||||| |||| 00| 0 eng d | ||
| 020 | _a0443073597 | ||
| 040 | _cNLM | ||
| 082 | _aWB5 H19c 2004 | ||
| 100 |
_aHanretty, Kevin P _915651 |
||
| 245 |
_aClinical Finals: _bAnd How to Pass Them |
||
| 260 |
_aNew York: _bChurchill Livingstone; _c2004. |
||
| 300 |
_axviii,337p; _c18cm. |
||
| 504 | _aIncludes Index. | ||
| 650 |
_aClinical Medicine. _9834 |
||
| 942 |
_2z _cBOOK |
||